000 00552nam a2200217 a 4500
001 BRCA_3981
005 20190320204512.0
008 150110s194?----gw-a######---#000-0#ger-#
041 _ager
044 _agw
050 4 _aN2398
_b.M87 194?
245 1 0 _aMuseum der Stadt Ulm.
260 _aUlm, Alemania
_bEbner-Druck
_c[1940?]
300 _a15 p.
_bil.
_c21 cm.
500 _aCDE58
610 2 4 _aMuseum der Stadt Ulm
_910350
650 1 4 _aArte
_zAlemania
_910351
650 1 4 _aGalerĂ­as y museos
_zAlemania
_95059
902 _aGFM
942 _2lcc
_cB
999 _c3707
_d3707